Ładuje się......

Stri sanyasadhikar vichar : nari dharama vicharpradhan grantha/

Opis bibliograficzny
1. autor: Kamalakant Tripathi
Kolejni autorzy: Jagadguru Ramanujacharya (tr.), Sriradhavacharya (tr.)
Format: Printed Book
Wydane: Varanasi: Chaukhamba surbharati Prakashan, 2018.
Hasła przedmiotowe:
LEADER 00738nam a22001937a 4500
020 |a 9789386554406 
082 |a S4  |b KAM/S 
100 |a Kamalakant Tripathi  |9 112867 
245 |a Stri sanyasadhikar vichar :  |b nari dharama vicharpradhan grantha/  |c by Kamalakant Tripathi 
260 |a Varanasi:  |b Chaukhamba surbharati Prakashan,  |c 2018. 
300 |a 169p. 
650 |a Essays Sanskrit  |9 112868 
650 |a Literature Sanskrit  |9 112869 
650 |a Literature  |9 112870 
700 |a Jagadguru Ramanujacharya (tr.)  |9 112871 
700 |a Sriradhavacharya (tr.)  |9 112872 
942 |c BK 
999 |c 141071  |d 141071 
952 |0 0  |1 0  |4 0  |6 S_4_000000000000000_KAM_S  |7 0  |9 97323  |a SSUS  |b SSUS  |c STACKS  |d 2019-02-16  |g 350.00  |o S4 KAM/S  |p 092768  |r 2019-02-16  |w 2019-02-16  |y BK